000 01054nam a2200265 i 4500
001 146539
003 ES-MaACL
005 20250828090945.0
007 t|
008 070910s1946 sp ||||1| spa d
080 _a239(04)
100 1 _aTóth, Tihamér.
_9111109
245 1 0 _aEnseñad a todas las gentes /
_cMonseñor Tihamér Tóth, obispo de Veszprém ; [traducción del original húngaro por D. Antonio Sancho].
260 _aMadrid :
_bSociedad de Educación Atenas,
_c[1946]
300 _a155 p. ;
_c22 cm.
490 1 _aRazonemos nuestra fe ;
_v14
505 8 _aContiene: El verdadero anillo, ¿dónde está? ; El sentido de la vida y del dolor ; El ideal moral, apreciado por el cristianismo y el budismo ; Escudo y espada
650 7 _aVida
_2embne
_917793
650 7 _aMoral cristiana
_2embne
_9142371
700 1 _aSancho Nebot, Antonio,
_d1884-1961
_9103048
710 2 _aSociedad de Educación Atenas
_96665
830 1 _aRazonemos nuestra fe ;
_v14
_9182561
852 _aES-MaACL
_jC-4086
999 _c146539
_d146539